Acta Nuntiaturae Polonae
| Titel: | Acta Nuntiaturae Polonae |
|---|---|
| Teil: |
T. 34. Optius Pallavicini (1680-1688)
Volumen 10. (7 XI 1637 - 30 X 1638) / editit Maria Domin |
| Beteiligt: | |
| Veröffentlicht: | Cracoviae : Polska Akademia Umiejętności, 2024 |
| Umfang: | XXVII, [2], 532, [3] Seiten ; 25 cm |
| Format: | Buch |
| Sprache: | Italienisch; Englisch; Latein |
| Schriftenreihe/ mehrbändiges Werk: |
Acta Nuntiaturae Polonae : T. 34, Optius Pallavicini (1680-1688) ; Volumen 10 alle Bände anzeigen
Katholische Kirche, Nuntiatur, Polen, 1918-: Acta Nuntiaturae Polonae ; 34,10 |
| ISBN: | 9788376763873 |
alg: 53508652 001A $03004:11-11-25 001B $03004:12-11-25 $t10:11:34.000 001D $03004:11-11-25 001U $0utf8 001X $00 002@ $0Afu 002C $aText $btxt $2rdacontent 002D $aohne Hilfsmittel zu benutzen $bn $2rdamedia 002E $aBand $bnc $2rdacarrier 003@ $0535086520 003O $01550237693 $aOCoLC 004A $A978-83-7676-387-3 007A $0535086520 $aHEB 010@ $aita $aeng $alat 011@ $a2024 013D $RQuellenforschung $#History -- Sources $#Histoire -- Sources $#Akten Formschlagwort $#Augenzeugenbericht Formschlagwort $#Texte Formschlagwort $#Historische Quelle $#Geschichtsquelle $#Quellensammlung $#Quellen $74135952-5 $8Quelle [Ts1] $9085503576 021A $a(7 XI 1637 - 30 X 1638) $heditit Maria Domin 028C $BHerausgeber $#Domin-Jačov, Maria $#Jačov, Maria Domin- $4edt $71158712537 $8Domin, Maria [Tp3] $9430488076 033A $pCracoviae $nPolska Akademia Umiejętności 034D $aXXVII, [2], 532, [3] Seiten 034I $a25 cm 036C $a@Acta Nuntiaturae Polonae 036C/01 $aOptius Pallavicini (1680-1688) $x2343210 $lVolumen 10 $mT. 34 036D $x2343210 $8Acta Nuntiaturae Polonae $902805380X 036E $aKatholische Kirche, Nuntiatur, Polen, 1918-: Acta Nuntiaturae Polonae $l34,10 045F $a200.943809032 $eDDC23BSB 045F/01 $a200.9 045F/03 $f09032 045F/03 $g438 046L $aItalienische Originaltexte. Englische Bearbeitung. Lateinische Originaltexte im Anhang. lok: 53508652 24 exp: 53508652 24 1 #EPN 201B/01 $012-11-25 $t10:08:27.000 201C/01 $011-11-25 201U/01 $0utf8 203@/01 $01322381305 208@/01 $a12-11-25 $bz 209A/01 $a25.05876 $du $f050 $h25 05876 $x00 209C/01 $a25.05876 K $h25 05876 K 209G/01 $a75143982 $x00 220C/01 $ahae 247C/01 $8358050-7Marburg, Bibliothek des Herder-Instituts Marburg $9102600961
| LEADER | 00000cam a2200000 cc4500 | ||
|---|---|---|---|
| 001 | 535086520 | ||
| 003 | DE-603 | ||
| 005 | 20251112101134.0 | ||
| 007 | tu | ||
| 008 | 251111s2024 xx |||| | u00||u|ita c | ||
| 020 | |a 9788376763873 | ||
| 035 | |a (DE-599)HEB535086520 | ||
| 035 | |a (OCoLC)1550237693 | ||
| 040 | |a DE-603 |b ger |c DE-603 |d DE-603 | ||
| 041 | |a ita |a eng |a lat | ||
| 082 | 0 | 4 | |8 1\u |a 200.943809032 |q DE-101 |2 23/BSB |
| 085 | |8 1\u |b 200.9 | ||
| 085 | |8 1\u |z 1 |s 09032 | ||
| 085 | |8 1\u |z 2 |s 438 | ||
| 245 | 0 | 0 | |a Acta Nuntiaturae Polonae |n T. 34 |p Optius Pallavicini (1680-1688) |n Volumen 10 |p (7 XI 1637 - 30 X 1638) / editit Maria Domin |
| 264 | 1 | |a Cracoviae |b Polska Akademia Umiejętności |c 2024 | |
| 300 | |a XXVII, [2], 532, [3] Seiten |c 25 cm | ||
| 336 | |a Text |b txt |2 rdacontent | ||
| 337 | |a ohne Hilfsmittel zu benutzen |b n |2 rdamedia | ||
| 338 | |a Band |b nc |2 rdacarrier | ||
| 490 | 0 | |a Katholische Kirche, Nuntiatur, Polen, 1918-: Acta Nuntiaturae Polonae |v 34,10 | |
| 546 | |a Italienische Originaltexte. Englische Bearbeitung. Lateinische Originaltexte im Anhang. | ||
| 655 | 7 | |a Quelle |2 gnd-content |0 (DE-588)4135952-5 |0 (DE-603)085503576 | |
| 700 | 1 | |a Domin, Maria |e Herausgeber |4 edt |0 (DE-603)430488076 |0 (DE-588)1158712537 |2 gnd | |
| 773 | 0 | 8 | |q 2343210 |w (DE-603)02805380X |
| 924 | 0 | |9 Mb 50 |a (DE-603)1322381305 |b DE-Mb50 |c HES |d c |g 25.05876 | |
alle Bände anzeigen

